| 000 | 00341nam a2200133Ia 4500 | ||
|---|---|---|---|
| 008 | 230627s9999 xx 000 0 und d | ||
| 041 | _aeng | ||
| 082 |
_a342 _bJAI |
||
| 100 | _aJain M.P | ||
| 245 | _aPrinciples Of Administrative Law | ||
| 250 | _a4ed. | ||
| 260 |
_aAgra _bWadhwa And Company Law Publishers _c1986 |
||
| 700 | _a Jain S.N., | ||
| 999 |
_c702724 _d702724 |
||